| 000 | 00390cam a2200157ua 4500 | ||
|---|---|---|---|
| 041 |
_aeng _h |
||
| 082 |
_a536.73 _bLEW/PI |
||
| 100 | _aLewett, E H . | ||
| 245 | 0 | 0 |
_aPitman`s heat-entropy chart / _cE H Lewett. _hTextual Documents |
| 250 |
_a1 / _b. |
||
| 260 |
_aLondon : _bSir Isaac Pitman & Sons Ltd , _c1946. |
||
| 300 | _a8 ; . | ||
| 504 | _a | ||
| 942 | _cBK | ||
| 999 |
_c8499 _d8499 |
||